书目信息 |
| 题名: |
网格计算
|
|
| 作者: | 福斯特, , Kesselman, 编著 | |
| 分册: | ||
| 出版信息: | 北京 机械工业出版社 2005.04 |
|
| 页数: | xxvii, 748页 | |
| 开本: | 24cm | |
| 丛书名: | 经典原版书库 | |
| 单 册: | ||
| 中图分类: | O243 | |
| 科图分类: | ||
| 主题词: | 网格--wang ge--计算--英文 | |
| 电子资源: | ||
| ISBN: | 7-111-16054-1 | |
| 000 | 01189nam 2200301 450 | |
| 001 | 012006361276 | |
| 005 | 20060626154728.65 | |
| 010 | @a7-111-16054-1@dCNY88.00 | |
| 100 | @a20060615d2005 km y0chiy0120 ea | |
| 101 | 0 | @aeng |
| 102 | @aCN@b110000 | |
| 105 | @ay z 000yy | |
| 200 | 1 | @a网格计算@Awang ge ji suan@d= The grid : blueprint for a new computing infrastructure@e英文版·第2版@f(美) Ian Foster, (美) Carl Kesselman编著@F(mei)Ian Foster,(mei)Carl Kesselman bian zhu@zeng |
| 210 | @a北京@c机械工业出版社@d2005.04 | |
| 215 | @axxvii, 748页@d24cm | |
| 225 | 2 | @a经典原版书库@Ajing dian yuan ban shu ku |
| 305 | @a据原书第2版影印 | |
| 306 | @a本书英文影印版由Elsevier(Singapore) Pte Ltd.授权出版 | |
| 314 | @a责任者Ian Foster规范译姓: 福斯特 | |
| 330 | @a本书是网格计算和技术领域的奠基性著作,阐述了网格技术在实现和规范方面取得的最新进展。 | |
| 410 | 0 | @12001 @a经典原版书库 |
| 510 | 1 | @aGrid : blueprint for a new computing infrastructure@zeng |
| 606 | 0 | @a网格@Awang ge@x计算@x英文 |
| 690 | @aO243@v4 | |
| 701 | 1 | @a福斯特,@Afu si te,@bI.@g(Foster, I.)@4编著 |
| 701 | 1 | @aKesselman,@bCarl@4编著 |
| 801 | 0 | @aCN@bQSSK@c20060626 |
| 905 | @a10447@dO243@eF758 | |
| 网格计算= The grid : blueprint for a new computing infrastructure:英文版·第2版/(美) Ian Foster, (美) Carl Kesselman编著.-北京:机械工业出版社,2005.04 |
| xxvii, 748页;24cm.-(经典原版书库) |
| ISBN 7-111-16054-1:CNY88.00 |
| 本书是网格计算和技术领域的奠基性著作,阐述了网格技术在实现和规范方面取得的最新进展。 |
| ● |
| 相关链接 |
|
|
|
正题名:网格计算
索取号:O243/F758
 
预约/预借
| 序号 | 登录号 | 条形码 | 馆藏地/架位号 | 状态 | 备注 |
| 1 | 587170 | 205871706 | 自科库401/401自科库 50排2列2层/ [索取号:O243/F758] | 在馆 | |
| 2 | 587171 | 205871715 | 自科库401/401自科库 50排2列2层/ [索取号:O243/F758] | 在馆 |